| Tag |
First Indicator |
Second Indicator |
Subfields |
| LEADER |
00000pam a2200000 i 4500 |
| 001 |
in00000620021 |
| 005 |
20151015051035.0 |
| 008 |
780303s1978 njua b 00110 eng |
| 010 |
|
|
|a 78004214
|
| 020 |
|
|
|a 0810811324
|
| 035 |
|
|
|a (OCoLC)03748606
|
| 035 |
|
|
|9 ACT4063AM
|
| 040 |
|
|
|a DLC
|c DLC
|d TXA
|d UtOrBLW
|
| 049 |
|
|
|a TXAM
|c [1540231]
|
| 050 |
0 |
0 |
|a SB355
|b .F63
|
| 082 |
0 |
|
|a 635
|
| 100 |
1 |
|
|a Flood, Riefford B.,
|d 1920-
|
| 245 |
1 |
0 |
|a Home fruit and vegetable production /
|c by R. B. Flood.
|
| 264 |
|
1 |
|a Metuchen, N.J. :
|b Scarecrow Press,
|c 1978.
|
| 300 |
|
|
|a xii, 163 pages :
|b illustrations ;
|c 23 cm.
|
| 336 |
|
|
|a text
|b txt
|2 rdacontent
|
| 337 |
|
|
|a unmediated
|b n
|2 rdamedia
|
| 338 |
|
|
|a volume
|b nc
|2 rdacarrier
|
| 500 |
|
|
|a Includes index.
|
| 504 |
|
|
|a Bibliography: page [155].
|
| 650 |
|
0 |
|a Fruit-culture.
|
| 650 |
|
0 |
|a Vegetable gardening.
|
| 999 |
|
|
|a MARS
|
| 999 |
f |
f |
|s cd28dd8f-504c-3d20-8535-a6912a61e50b
|i f8a1d5bd-86e1-3047-bb0e-e52461d6ea67
|t 0
|
| 952 |
f |
f |
|p ric
|a Texas A&M University
|b Rellis Campus
|c Joint Library Facility
|d Remote Storage
|t 0
|e SB355 .F63
|h Library of Congress classification
|i unmediated -- volume
|m A14805200505
|
| 998 |
f |
f |
|a SB355 .F63
|t 0
|l Remote Storage
|